<?xml version="1.0" encoding="UTF-8"?>
<record
    xmlns:xsi="http://www.w3.org/2001/XMLSchema-instance"
    xsi:schemaLocation="http://www.loc.gov/MARC21/slim http://www.loc.gov/standards/marcxml/schema/MARC21slim.xsd"
    xmlns="http://www.loc.gov/MARC21/slim">

  <leader>00853nam a22002417a 4500</leader>
  <controlfield tag="005">20240530110337.0</controlfield>
  <controlfield tag="008">141022s2010    le     grcb   000 0dara d</controlfield>
  <datafield tag="020" ind1=" " ind2=" ">
    <subfield code="a">9789953823546</subfield>
  </datafield>
  <datafield tag="040" ind1=" " ind2=" ">
    <subfield code="a">EG-CaGPL</subfield>
  </datafield>
  <datafield tag="082" ind1="0" ind2="4">
    <subfield code="2">21</subfield>
    <subfield code="a">320.54\</subfield>
    <subfield code="b">&#x639; &#x646;</subfield>
  </datafield>
  <datafield tag="100" ind1="0" ind2=" ">
    <subfield code="a">&#x639;&#x628;&#x62F;&#x627;&#x644;&#x627;&#x644;&#x647; &#x628;&#x644;&#x642;&#x632;&#x64A;&#x632;</subfield>
  </datafield>
  <datafield tag="245" ind1="1" ind2="0">
    <subfield code="a">&#x646;&#x642;&#x62F; &#x627;&#x644;&#x62E;&#x637;&#x627;&#x628; &#x627;&#x644;&#x642;&#x648;&#x645;&#x649; /</subfield>
    <subfield code="c">&#x639;&#x628;&#x62F; &#x627;&#x644;&#x627;&#x644;&#x647; &#x628;&#x644;&#x642;&#x632;&#x64A;&#x632;</subfield>
  </datafield>
  <datafield tag="260" ind1=" " ind2=" ">
    <subfield code="a">&#x628;&#x64A;&#x631;&#x648;&#x62A; : </subfield>
    <subfield code="b">&#x645;&#x631;&#x643;&#x632; &#x62F;&#x631;&#x627;&#x633;&#x627;&#x62A; &#x627;&#x644;&#x648;&#x62D;&#x62F;&#x629; &#x627;&#x644;&#x639;&#x631;&#x628;&#x64A;&#x629; &#x60C;</subfield>
    <subfield code="c">2010</subfield>
  </datafield>
  <datafield tag="300" ind1=" " ind2=" ">
    <subfield code="a">287 &#x635; &#x61B;</subfield>
    <subfield code="c">24 &#x633;&#x645;</subfield>
  </datafield>
  <datafield tag="650" ind1="0" ind2="4">
    <subfield code="a">&#x627;&#x644;&#x642;&#x648;&#x645;&#x64A;&#x629; &#x627;&#x644;&#x639;&#x631;&#x628;&#x64A;&#x629;</subfield>
  </datafield>
  <datafield tag="650" ind1="0" ind2="4">
    <subfield code="a">&#x627;&#x644;&#x639;&#x644;&#x648;&#x645; &#x627;&#x644;&#x633;&#x64A;&#x627;&#x633;&#x64A;&#x629;</subfield>
  </datafield>
  <datafield tag="650" ind1="0" ind2="4">
    <subfield code="a">&#x627;&#x644;&#x648;&#x637;&#x646;&#x64A;&#x629;</subfield>
  </datafield>
  <datafield tag="650" ind1="0" ind2="4">
    <subfield code="a">&#x627;&#x644;&#x642;&#x648;&#x645;&#x64A;&#x629; &#x627;&#x644;&#x639;&#x631;&#x628;&#x64A;&#x629;</subfield>
    <subfield code="y">&#x62A;&#x627;&#x631;&#x64A;&#x62E;</subfield>
  </datafield>
  <datafield tag="650" ind1="0" ind2="4">
    <subfield code="a">&#x627;&#x644;&#x62A;&#x627;&#x631;&#x64A;&#x62E; &#x627;&#x644;&#x62F;&#x628;&#x644;&#x648;&#x645;&#x627;&#x633;&#x649;</subfield>
  </datafield>
  <datafield tag="650" ind1="0" ind2="4">
    <subfield code="a">&#x627;&#x644;&#x639;&#x631;&#x648;&#x628;&#x629;</subfield>
  </datafield>
  <datafield tag="942" ind1=" " ind2=" ">
    <subfield code="2">ddc</subfield>
    <subfield code="c">BK</subfield>
  </datafield>
  <datafield tag="999" ind1=" " ind2=" ">
    <subfield code="c">59819</subfield>
    <subfield code="d">59819</subfield>
  </datafield>
  <datafield tag="952" ind1=" " ind2=" ">
    <subfield code="0">0</subfield>
    <subfield code="1">0</subfield>
    <subfield code="4">0</subfield>
    <subfield code="7">0</subfield>
    <subfield code="a">CAI</subfield>
    <subfield code="b">CAI</subfield>
    <subfield code="d">2014-10-22</subfield>
    <subfield code="l">0</subfield>
    <subfield code="o">320.54  &#x639; &#x646;</subfield>
    <subfield code="p">158773</subfield>
    <subfield code="r">2014-10-22 00:00:00</subfield>
    <subfield code="w">2014-10-22</subfield>
    <subfield code="y">BK</subfield>
  </datafield>
</record>
